[Event "World U20-ch22"]
[Site "Belfort"]
[Date "1983.08.14"]
[Round "3"]
[White "Milos, Gilberto"]
[Black "Hector, Jonny"]
[Result "1/2-1/2"]
[WhiteElo "2380"]
[BlackElo "2300"]
[Annotator "Bulletin/Primel,D"]
[PlyCount "86"]
[EventDate "1983.08.12"]
[EventType "swiss"]
[EventRounds "13"]
[EventCountry "FRA"]
[SourceTitle "EXT 2016"]
[Source "ChessBase"]
[SourceDate "2015.10.08"]
[SourceVersion "1"]
[SourceVersionDate "2015.10.08"]
[SourceQuality "1"]
[TimeControl "40/9000:16/5400:0"]

1. Nf3 d5 2. c4 c6 {Le suédois est un bon connaisseur de la défense Slave} 3.
d4 (3. e3 $5 Nf6 4. Nc3 (4. b3)) 3... Nf6 4. Nc3 dxc4 5. a4 Bf5 6. e3 (6. Ne5)
6... e6 7. Bxc4 Bb4 8. O-O Nbd7 9. Bd2 {Une ligne secondaire assez passive} (9.
Qe2) 9... Qe7 (9... O-O 10. Ne4 {Milos,G (2597)-Coelho,L (2392) Mario Covas
10th 2011 (4) 1/2-1/2}) (9... Qa5) 10. a5 {[%csl Rb7]} O-O 11. Qb3 Bd6 12. Ne2
(12. Rfe1 {[%cal Ge3e4]} Ne4) 12... Be4 13. Ng3 c5 14. Nxe4 Nxe4 15. Qxb7 Nxd2
16. Nxd2 cxd4 17. exd4 Rab8 18. Qxa7 Rxb2 19. Nf3 {[%csl Ga5]} Rc8 20. Ra2 Rxa2
21. Bxa2 Ne5 22. Qxe7 Nxf3+ 23. gxf3 Bxe7 24. Rb1 (24. Ra1 {[%cal Ga5a8]})
24... Ra8 25. d5 exd5 26. Rb7 Bd8 (26... Bf8 27. Rb5 d4 28. Kf1 d3 29. Ke1 Rxa5
$1 {[%cal Gf8b4]}) 27. Bxd5 Rxa5 28. Bb3 Kf8 29. Rxf7+ Ke8 30. Rb7 {[%csl Gb7,
Re8]} Bf6 31. f4 (31. Kf1) 31... Rf5 32. Ba4+ Kf8 33. Rb4 g5 34. Rb8+ Ke7 35.
fxg5 Rxg5+ 36. Kf1 Rh5 37. Rb7+ (37. Kg2) 37... Kd6 38. Kg2 Rg5+ 39. Kf3 Rf5+
40. Ke4 Rxf2 41. Rxh7 Be5 42. Rh6+ Rf6 43. Rh4 Rf4+ 1/2-1/2

[Event "Jermuk FIDE GP (Women)"]
[Site "Jermuk"]
[Date "2012.07.20"]
[Round "4"]
[White "Ju, Wenjun"]
[Black "Ruan, Lufei"]
[Result "1-0"]
[WhiteElo "2518"]
[BlackElo "2483"]
[Annotator "CB"]
[PlyCount "87"]
[EventDate "2012.07.16"]
[EventType "tourn"]
[EventRounds "11"]
[EventCountry "ARM"]
[EventCategory "11"]
[SourceTitle "CBM 150"]
[Source "ChessBase"]
[SourceDate "2012.09.14"]
[SourceVersion "1"]
[SourceVersionDate "2012.09.14"]
[SourceQuality "1"]

1. d4 d5 2. c4 c6 3. Nf3 Nf6 4. Nc3 dxc4 5. a4 Bf5 6. Nh4 e6 7. Nxf5 exf5 8. e3
Bb4 9. Bxc4 O-O 10. O-O Nbd7 11. Qc2 g6 12. f3 Rc8 13. Kh1 Nb6 14. Bb3 c5 15.
dxc5 Rxc5 16. e4 Bxc3 17. bxc3 Qc7 18. a5 Nc4 19. Bxc4 Rxc4 20. exf5 {After
the opening, Black had been able to equalize the position. Capitalizing on her
good form, Wenjun attempted to inject some sharpness into the position. Now
she reaps the reward, as Black makes a positional slip-up.} Nh5 $2 ({After} 
20... Nd5 21. Re1 Rc8 {Black would have a decent position.}) 21. Qf2 $1 {
White took advantage and slowly ground down her opponent to earn the full
point.} Rd8 22. Bh6 Ng7 23. Bg5 Rd6 24. fxg6 Rxg6 25. Bd2 a6 26. Rfe1 Ne6 27.
h3 Rf6 28. Qg1 Rf5 29. Qh2 Qxh2+ 30. Kxh2 Rd5 31. Re2 h5 32. Be1 Rb5 33. g4
hxg4 34. fxg4 Kg7 35. Rea2 Nc5 36. Rd1 Nb3 37. Rd7 Re4 38. c4 Rc5 39. Bc3+ Kg6
40. Rf2 Re6 41. Rfxf7 Rxc4 42. Rg7+ Kh6 43. Rg8 Rg6 44. Rh7+ (44. Rh7+ $1 {
Nice:} Kxh7 45. Rh8#) 1-0

[Event "Groningen PCA"]
[Site "Groningen"]
[Date "1993.??.??"]
[Round "1"]
[White "Agdestein, Simen"]
[Black "Anand, Viswanathan"]
[Result "0-1"]
[WhiteElo "2610"]
[BlackElo "2725"]
[Annotator "Chekhov,V"]
[PlyCount "80"]
[EventDate "1993.12.??"]
[EventType "swiss"]
[EventRounds "11"]
[EventCountry "NED"]
[SourceTitle "CBM 039"]
[Source "ChessBase"]
[SourceDate "1994.04.01"]
[SourceVersion "1"]
[SourceVersionDate "1994.04.01"]
[SourceQuality "1"]

1. d4 d5 2. c4 c6 3. Nf3 Nf6 4. Nc3 dxc4 5. a4 Bf5 6. e3 e6 7. Bxc4 Bb4 8. O-O
Nbd7 9. Be2 $146 (9. Qe2 $5) (9. Qb3 $5) (9. Nh4 Bg6 10. h3 Bh5 $1 11. Qb3 a5
12. f4 O-O 13. Nf3 (13. g4 Nxg4 14. hxg4 Qxh4 15. gxh5 Qg3+ $10) 13... Nb6 14.
Be2 c5 $15 {Piket,J-Anand,V/Amsterdam/1993/0:1 (30) Inf 57/380/}) 9... O-O 10.
Nh4 a5 (10... Bg6 $5) 11. Nxf5 exf5 12. Qc2 g6 $10 13. Bd2 (13. Rd1 $5) 13...
Re8 14. Na2 $1 Bd6 (14... Bxd2 15. Qxd2 Ne4 16. Qc2 {/\Nc3,Rd1+/=/}) 15. b4
axb4 16. Bxb4 Bxb4 17. Nxb4 f4 $1 18. Qb3 (18. exf4 $4 Qe7 $19) 18... Ne4 (
18... c5 $6 19. Nc2 cxd4 20. Nxd4) (18... Qe7 19. Nc2) 19. Ra2 Ndf6 20. Bc4 (
20. Nd3 Nd5 21. Qxb7 fxe3 22. fxe3 Nxe3 23. Qxf7+ (23. Rxf7 Qxd4) 23... Kh8 $36
) (20. f3 Nd6 21. e4 (21. exf4 Nf5) 21... Ndxe4 22. fxe4 Qxd4+ 23. Kh1 Nxe4 $36
) 20... Nd6 21. exf4 (21. Re2 $2 Nxc4 22. Qxc4 Rxa4) (21. Re1 Nxc4 22. Qxc4 Re4
$15) 21... Re4 22. Nc2 Rxf4 (22... Nxc4 23. Qxc4 Rxf4 $15) 23. Bd3 (23. g3 Nxc4
$1 24. Qxc4 Re4 $17) 23... Nd5 $17 24. g3 Rf6 25. Re1 Qa5 26. Bf1 (26. Raa1 $5)
26... Nc3 (26... b5 $6 27. Rea1 Nc3 28. Ra3 Nxa4 29. d5 Qb6 (29... c5 30. Bxb5
Qxb5 31. Qxb5 Nxb5 32. Rxa4) 30. Ne3 $44) 27. Ra3 Nce4 28. Bg2 (28. f3 $2 Nd2
$19) (28. Re2 Nd2 29. Qd3 (29. Qb4 Qxb4 30. Nxb4 Nf3+ 31. Kg2 Nxd4 $17) 29...
N6c4 30. Ra2 Rf3 31. Ne3 Nxf1 32. Qxc4 (32. Kxf1 Nxe3+ 33. Rxe3 Rxe3 34. Qxe3
Qd5) 32... Nxe3 33. Rxe3 Qf5 34. Rxf3 Qxf3 $17) 28... Nxf2 29. Re2 Qf5 $19 30.
Ne3 Nh3+ 31. Kh1 Qh5 32. Qb2 Ng5 (32... Re8 $5) 33. d5 Nge4 34. Kg1 cxd5 35.
Rd3 Ra5 36. Re1 (36. Nxd5 Rxd5 37. Bxe4 Nxe4 38. Rxe4 Rxd3 39. Qxf6 Rd1+ 40.
Kf2 Rd2+ $19) 36... Rf2 37. Qb4 Rc5 38. Qd4 (38. Nxd5 Rxg2+ $19) 38... Nf5 39.
Nxf5 gxf5 40. Rd2 $4 (40. Rxe4 Rxg2+ 41. Kxg2 fxe4 $19) 40... Rxd2 0-1

[Event "Elenite"]
[Site "Elenite"]
[Date "1993.??.??"]
[Round "3"]
[White "Granda Zuniga, Julio E"]
[Black "Tukmakov, Vladimir B"]
[Result "1/2-1/2"]
[WhiteElo "2605"]
[BlackElo "2600"]
[Annotator "Chekhov,V"]
[PlyCount "106"]
[EventDate "1993.??.??"]
[EventType "tourn"]
[EventRounds "11"]
[EventCountry "BUL"]
[EventCategory "14"]
[SourceTitle "CBM 038"]
[Source "ChessBase"]
[SourceDate "1994.02.01"]
[SourceVersion "1"]
[SourceVersionDate "1994.02.01"]
[SourceQuality "1"]

1. d4 d5 2. c4 c6 3. Nc3 Nf6 4. Nf3 dxc4 5. a4 Bf5 6. e3 e6 7. Bxc4 Bb4 8. O-O
Nbd7 9. Nh4 Bg6 (9... Bg4 10. f3 Bh5 11. g4 Bg6 12. e4 O-O 13. g5 Ne8 14. Nxg6
hxg6 15. Be3 Nd6 16. Be2 Ba5 17. Kh1 Qe7 18. Rb1 $14 {Polugaevsky,L-Torre,E /
Biel/1989 Inf 48/505/}) (9... O-O 10. Nxf5 exf5 11. f3 Qa5 12. Qb3 Qb6 13. Kh1
Rad8 14. Ne2 c5 15. Ng3 f4 16. Nf5 cxd4 $13 {Aseev,K-Savchenko,S /SSSR/1988Inf
46/502; 10 h3!?/}) 10. g3 (10. h3 $5 Bh5 $5 11. Qb3 a5 12. f4 O-O {Piket,
J-Anand,V /amsterdam/1993 Inf 57/380/} 13. g4 $1 Nxg4 14. hxg4 Qxh4 15. gxh5
Qg3+ $10) (10. Nxg6 hxg6 11. Qe2 Qa5 12. Na2 Qxa4 13. e4 Qa5 14. Nxb4 Qxb4 {
Christiansen,L-Hertneck,G /Munchen/1992 Inf 54/365/} 15. b3 $44) (10. f4 $6 O-O
11. Nxg6 hxg6 12. Qd3 c5 $1 13. Na2 Nb6 14. Bb3 Ba5 15. Bc2 Rc8 $15 {Yusupov,
A-Bareev,E /linares/1992 Inf 54/366/}) (10. f3 O-O 11. Qb3 Qb6 12. Rd1 Rad8 13.
Kh1 e5 14. Nxg6 hxg6 15. Qc2 exd4 16. exd4 Qa5 $132 {Aseev,K-Haba,P /Kecskemet/
1992 Inf 54/368/}) (10. Be2 a5 11. Nxg6 hxg6 12. Qc2 Qc7 13. g3 e5 14. Rd1 Rd8
15. Bf3 O-O 16. Na2 Bd6 17. dxe5 Nxe5 18. Bg2 Be7 19. Bd2 Nd5 {Kramnik,
V-Lautier,J /Pamplona/1992 Inf 56/426/}) (10. Qb3 a5 11. f3 Nd5 12. g3 N5b6 13.
Be2 O-O 14. Rd1 Qe7 {Hulak,K-Bareev,E /JUG/1991 Inf 52/379/}) 10... O-O 11.
Nxg6 hxg6 12. Qb3 Qb6 13. Rd1 Rfd8 $5 $146 (13... a5 14. Qc2 c5 15. Nb5 cxd4
16. exd4 Qc6 17. Qe2 Nb6 18. Bb3 Qe4 $1 $132 {Kasparov,G-Beliavsky,A /Tilburg/
1981 Inf 32/464/}) 14. Bd2 a5 15. Be1 Be7 16. Qa2 Nd5 (16... c5 17. d5 $16) 17.
e4 Nb4 18. Qb3 $14 Nf6 (18... Nf8 19. d5 $1) 19. e5 Nfd5 20. Ne4 c5 21. dxc5 (
21. Bxd5 Rxd5 22. dxc5 Bxc5 23. Rxd5 Nxd5 24. Qxb6 Bxb6 $13) 21... Bxc5 22.
Nxc5 Qxc5 23. Rac1 Qe7 (23... Rac8 $5) 24. Qf3 Qg5 25. Qe4 (25. Qe2 $5) 25...
Qf5 26. Qe2 (26. Qxf5 gxf5 27. Kf1 $14) 26... g5 27. Rd4 Nc6 28. Re4 Ndb4 29.
Bc3 Rd7 30. Kg2 Rad8 31. h4 Nd5 32. Be1 gxh4 33. Rxh4 Qxe5 (33... Nxe5 34. Rh5
g5 35. Bc3) 34. Qxe5 Nxe5 35. Bb5 Rd6 36. Bxa5 b6 37. Bd2 (37. Be1 $16) 37...
f6 (37... Nc7 38. Bf4 $2 Ng6 $1 39. Bxd6 Nxh4+ 40. gxh4 Nxb5) 38. Be2 Ne7 39.
Bc3 Nd3 40. Rch1 Kf7 41. Rg4 $6 (41. Rh8 $1 $16) 41... Nxb2 $1 42. Bxb2 Rd2 43.
Ba3 Rxe2 44. Bxe7 Rdd2 $1 (44... Kxe7 45. Rxg7+ Kf8 46. Rb7 Kg8 47. Rc1 Ra2 48.
Rc4 $16) 45. Bb4 Rxf2+ 46. Kh3 Ra2 47. Bc3 g5 48. Rb4 f5 49. Rxb6 Rfe2 $1 $10 (
49... Kg6 50. Rxe6+ Kh5 51. g4+ fxg4+ 52. Kg3+ $18) 50. Rb8 Kg6 51. Rg8+ Kh6
52. Rh8+ Kg6 53. Rg8+ Kh6 1/2-1/2

[Event "Tirnavia Reti Memorial-06"]
[Site "Trnava"]
[Date "1984.03.24"]
[Round "8"]
[White "Schmidt, Wlodzimierz"]
[Black "Meduna, Eduard"]
[Result "0-1"]
[WhiteElo "2485"]
[BlackElo "2475"]
[Annotator "Chekhov,V"]
[PlyCount "56"]
[EventDate "1984.03.16"]
[EventType "tourn"]
[EventRounds "13"]
[EventCountry "CZE"]
[EventCategory "8"]
[SourceTitle "MCL"]
[Source "ChessBase"]
[SourceDate "1999.07.01"]
[SourceVersion "1"]
[SourceVersionDate "1999.07.01"]
[SourceQuality "1"]

1. d4 d5 2. c4 c6 3. Nf3 Nf6 4. Nc3 dxc4 5. a4 Bf5 6. e3 e6 7. Bxc4 Bb4 8. O-O
Nbd7 9. Nh4 Bg6 10. Qb3 (10. g3 O-O 11. Nxg6 hxg6 12. Qb3 Qb6 13. Rd1 Rfd8 14.
Bd2 a5 15. Be1 Be7 $132 {Granda Zuniga,J-Tukmakov,V/Burgas/1993/}) 10... Qb6
11. g3 a5 12. Nxg6 (12. Bd2 $5) 12... hxg6 13. Rd1 O-O-O $5 14. Bf1 g5 15. h3
$6 (15. Bg2 Rh5 16. e4 Rdh8 (16... g4 17. Be3 (17. e5 $2 Bxc3 $1 18. Qxb6 Nxb6
19. bxc3 Rxe5) 17... Rdh8 18. d5 Bc5 19. Qxb6 Bxb6 20. dxc6 bxc6 21. Bxb6 Nxb6
22. Rd6 Rxh2 (22... Kc7 23. e5 Nfd5 24. Rc1 Rxe5 25. Nb5+ Kb7 26. Rdxc6) 23. e5
Nfd5 24. Nxd5 Nxd5 25. Rxc6+ Kb7 26. Rac1 $36) 17. h3) 15... g4 16. hxg4 (16.
h4 Bxc3 17. Qxb6 Nxb6 18. bxc3 g5 19. hxg5 Ne4 20. Bg2 Nxg5 21. e4 $13) 16...
Nxg4 17. Bg2 Rh5 18. Qc2 (18. Bf3 Ndf6) 18... Rdh8 19. d5 Rh2 $1 (19... exd5 $2
20. Nxd5) (19... Bxc3 $2 20. dxc6 $1 bxc6 21. Qxc3) 20. dxe6 (20. dxc6 Rxg2+
21. Kxg2 Qxc6+ 22. Qe4 Rh2+ 23. Kg1 Nde5 24. Qxc6+ bxc6 25. Ne4 f5) 20... Nde5
21. Qe4 (21. exf7 Bxc3 22. bxc3 (22. f8=Q+ Rxf8 23. Qxc3 Rxf2 $19) 22... Rxg2+
23. Kxg2 Rh2+ 24. Kf1 Qa6+ 25. c4 Qxc4+ 26. Qxc4 Rxf2+ 27. Kg1 Nf3+ 28. Kh1
Rh2#) 21... Bxc3 22. bxc3 Qb3 23. Ba3 Qxe6 24. Rd6 Qc4 25. Qf5+ (25. Qxc4 Rxg2+
$1 26. Kxg2 Rh2+ 27. Kf1 Rxf2+ 28. Ke1 Nf3+ 29. Kd1 Nxe3+ 30. Kc1 Nxc4 $19)
25... Kc7 26. Rd4 Rxg2+ $1 27. Kxg2 Nxe3+ 28. Kg1 $2 (28. fxe3 Qe2+ 29. Qf2
Rh2+ 30. Kxh2 Qxf2+ 31. Kh3 Nf3 $19) 28... Nxf5 0-1

[Event "POL-chT 51st"]
[Site "Lubniewice"]
[Date "1995.??.??"]
[Round "3"]
[White "Krasenkow, Michal"]
[Black "Chekhov, Valery A"]
[Result "1/2-1/2"]
[WhiteElo "2590"]
[BlackElo "2500"]
[Annotator "Chekhov,V"]
[PlyCount "95"]
[EventDate "1995.09.14"]
[EventType "team-tourn"]
[EventRounds "11"]
[EventCountry "POL"]
[SourceTitle "EXT 1997"]
[Source "ChessBase"]
[SourceDate "1996.11.15"]
[SourceVersion "1"]
[SourceVersionDate "1996.11.15"]
[SourceQuality "1"]
[WhiteTeam "Gorzow Welkopolski"]
[BlackTeam "Zabrze Gornik"]
[WhiteTeamCountry "POL"]
[BlackTeamCountry "POL"]

1. d4 d5 2. Nf3 Nf6 3. c4 c6 4. Nc3 dxc4 5. a4 Bf5 6. e3 e6 7. Bxc4 Bb4 8. O-O
Nbd7 9. Nh4 O-O 10. Nxf5 exf5 11. Qc2 (11. f3 $5 Rc8 $5 12. Bd3 (12. Qb3 Qb6
13. Kh1 c5 $10) (12. Bb3 c5 $10 {Aseev,K-Kirov,N/Leningrad/1989/0,5/12/}) 12...
g6 13. e4 c5 14. Bg5 fxe4 15. fxe4 cxd4 16. Nd5 Be7 17. Nxe7+ Qxe7 18. Rxf6 Qe5
$1 $17 {/Dautov/}) 11... g6 12. f3 Rc8 13. e4 {/N/} (13. Rd1 Qe7 14. e4 c5 15.
d5 Bxc3 (15... fxe4 $5 16. Nxe4 Nxe4 17. fxe4 Qe5) 16. Qxc3 fxe4 17. Bf4 Nh5
18. Bh6 exf3 19. Bxf8 Rxf8 20. Qxf3 Ne5 21. Qc3 Qg5 22. Bf1 Nf4 23. Qxc5 Nh3+
24. Kh1 b6 25. Qd4 $16 {Delchev,A-Kirov,N/Sofia/1991/0,5/33/}) 13... c5 (13...
Nb6 $6 14. Ne2 $1 $16) 14. d5 Ne5 15. Ne2 fxe4 16. fxe4 Qd6 17. Bf4 $1 Nh5 18.
g3 Rfe8 19. Rad1 Re7 $6 (19... a6 $5 20. Nc1 Nxf4 21. gxf4 Nxc4 22. Qxc4 b5 23.
axb5 axb5 24. Qc2 c4 25. e5 Bc5+ 26. Kh1 Qd7 $132) (19... f6 $5 20. Nc1 Nxf4
21. gxf4 Nxc4 22. Qxc4 Qa6 23. Qc2 c4 $132) 20. Nc1 $1 Ba5 21. Be2 $1 (21. Nd3
Nxf4 22. gxf4 Nxd3 23. Qxd3 f6 $10) 21... c4 22. Kh1 $5 (22. Bxh5 gxh5 23. Kh1
Qg6 $13) (22. b3 c3 (22... Qc5+ 23. Kh1 cxb3 24. Qxc5 Rxc5 25. Nxb3 $18) 23.
Bxh5 gxh5 24. Nd3 Qb6+ 25. Kh1 Nxd3 $13) 22... Nf6 23. Bxc4 $6 (23. b3 $5 c3
24. Nd3 Nfd7 (24... Rce8 $5 25. Nxe5 Rxe5 26. Bxe5 Rxe5 27. Bf3 $16) 25. Bg4
Rce8 26. Bxd7 Qxd7 27. Nxe5 Rxe5 28. Bxe5 Rxe5 29. Qd3 $18) 23... g5 $1 24.
Bxe5 (24. Bxg5 $4 Rxc4 25. Rxf6 Rxc2 26. Rxd6 Nf3 $19) 24... Rxe5 25. b3 Nxe4
26. Qg2 (26. Nd3 Rxd5 27. Qg2 Rd4 28. Bxf7+ Kg7 $13) 26... a6 27. Nd3 Re7 28.
Nf2 $10 Rce8 (28... Nf6 $5 29. Qh3 Rce8 30. Ng4 Nxg4 31. Qxg4 h6 $10) 29. Nxe4
Rxe4 30. Qf3 R8e7 31. Qf6 Qxf6 32. Rxf6 Kg7 $1 33. Rf5 R7e5 34. Rxe5 Rxe5 35.
d6 Re1+ 36. Rxe1 Bxe1 37. d7 Ba5 38. Bd5 (38. b4 Bc7 $1 (38... Bd8 39. a5 Kf6
40. Bxa6 bxa6 41. b5 $18) 39. a5 Kf6 40. Bxa6 bxa6 41. b5 Ke7) 38... Bc7 39.
Bxb7 a5 40. Be4 (40. g4 Kf6 41. Kg2 Ke5 42. Kf3 Kd4 $10) 40... h5 41. Kg2 Kf6
42. Kf3 Ke6 43. Bc6 f5 $10 44. Ke2 Ke7 45. Kd3 f4 46. gxf4 Bxf4 47. h3 g4 48.
hxg4 1/2-1/2

[Event "Biel"]
[Site "Biel"]
[Date "1989.??.??"]
[Round "?"]
[White "Polugaevsky, Lev"]
[Black "Ivanchuk, Vassily"]
[Result "0-1"]
[WhiteElo "2595"]
[BlackElo "2660"]
[Annotator "ChessBase"]
[PlyCount "96"]
[EventDate "1989.07.??"]
[EventType "tourn"]
[EventRounds "14"]
[EventCountry "SUI"]
[EventCategory "14"]
[SourceTitle "CBM 014"]
[Source "ChessBase"]
[SourceDate "1990.02.01"]
[SourceVersion "1"]
[SourceVersionDate "1990.02.01"]
[SourceQuality "1"]

1. d4 {Polugaevsky,L} d5 2. c4 c6 3. Nf3 Nf6 4. Nc3 dxc4 5. a4 Bf5 6. e3 e6 7.
Bxc4 Bb4 8. O-O Nbd7 9. Nh4 O-O 10. Nxf5 (10. f3 Bg6 11. Nxg6 hxg6 12. Qc2 Rc8
$13) 10... exf5 11. Qf3 $6 (11. h3 $1 a5 (11... Qa5 12. Na2 $14) 12. Qf3 Nb6
13. Bb3 g6 14. g4 $13) (11. f3 {RR} Qa5 $5 {11...Nb6?! Yusupov,A-Ehlvest,J (1)/
Saint John/cm/1-0/43/ -> CBM 6/S.36} 12. Qc2 c5 $5 {Yusupov,A-Chandler,M/
Linares/1988/1/2-1/2/53/ -> CBM6/S.36}) (11. Qc2 $5 {RR} g6 12. f3 Qa5 13. e4 {
Welin,T-Beijar,K/Rilton-Cup/1988-89/1-0/24/  -> TD 1988/V}) 11... g6 12. h3 Qa5
$1 $10 13. Ne2 (13. Bd2 Ne4 $1 {Ivanchuk}) 13... Rae8 14. b3 Ne4 15. Ng3 (15.
g4 fxg4 16. hxg4 Qg5 $1 17. Qg2 Ndf6 18. f3 Nd2 $1 19. e4 b5 20. axb5 cxb5 21.
Bd3 Qe3+ {Ivanchuk}) 15... Nd6 (15... Ndf6 $5 16. Nxe4 Nxe4 $15) 16. Bd3 (16.
Bb2 $1 Nxc4 17. bxc4 Nb6 18. Rfc1 $1 Qa6 19. Qe2 f4 (19... Nxa4 20. d5 $36) 20.
Nf1 $13) 16... Nf6 17. Bb2 Nd5 18. Rfc1 Re7 19. Nf1 Rfe8 20. g4 {>= 20.Rab1}
fxg4 21. hxg4 Bc3 $1 22. Bxc3 $6 {>= 22.Rab1} Nxc3 23. Ng3 Nde4 24. Nxe4 Nxe4
$17 25. Ra2 (25. Bxe4 Rxe4 26. Rc5 Qd8 27. b4 $1 Qh4 28. b5 Rxg4+ {>= 28...
R8e6! -/+} 29. Kf1 $13) 25... Qg5 26. Kf1 $2 (26. Be2 $8 h5 {26...f5 (Ivanchuk)
} 27. Qg2 $17) (26. Qg2 Nf6 27. Be2 Rxe3 $1 28. Rc5 Qh4 29. fxe3 Rxe3 $19 {
Ivanchuk}) 26... Qd5 $1 $19 27. Kg2 Qxb3 28. Bc4 Qb4 29. Qh3 Nc3 $1 30. Rac2 (
30. Rh1 h5 31. gxh5 Qxc4 32. hxg6 fxg6 33. Qh8+ Kf7 34. Rh7+ Ke6 $19) 30...
Qxc4 31. Rxc3 Qd5+ 32. Kg3 Qa5 33. Qh4 Re4 34. Qh6 Qc7+ 35. Kf3 f5 $1 36. Rg1 (
36. gxf5 Qf7 $1 37. Qh3 gxf5 {/\ 38...f4 -+}) 36... Qd7 37. gxf5 Qxf5+ 38. Ke2
Rxd4 39. Rg5 Qf6 40. Rcc5 Rd2+ $1 41. Kxd2 Qxf2+ 42. Kc1 (42. Kd1 Rd8+ $19)
42... Qxe3+ 43. Kb2 Qd4+ 44. Rc3 Re2+ 45. Kb3 Qd1+ 46. Ka3 (46. Kb4 Re4+ 47.
Rc4 Qb1+ 48. Kc5 Qb6+ 49. Kd6 Qd8+ $19) 46... Qa1+ 47. Kb3 Qb1+ 48. Kc4 Re4+ {
[ Polugaevsky ]} 0-1

[Event "AUT-chT"]
[Site "Austria"]
[Date "1989.??.??"]
[Round "?"]
[White "Hoelzl, Franz"]
[Black "Hanel, Reinhard"]
[Result "1-0"]
[WhiteElo "2350"]
[BlackElo "2375"]
[Annotator "ChessBase"]
[PlyCount "100"]
[EventDate "1989.??.??"]
[EventType "team"]
[EventRounds "11"]
[EventCountry "AUT"]
[SourceTitle "TD"]
[Source "ChessBase"]
[SourceDate "1994.03.01"]
[SourceVersion "1"]
[SourceVersionDate "1994.03.01"]
[SourceQuality "1"]

1. d4 d5 2. c4 c6 3. Nf3 Nf6 4. Nc3 dxc4 5. a4 Bf5 6. e3 e6 7. Bxc4 Nbd7 8. O-O
Be7 $6 {Besser ist 8... Lb4, um e4 zu unterbinden.} 9. Qe2 Ne4 10. Nd2 Ndf6 11.
Ndxe4 Nxe4 12. f3 Nf6 13. e4 Bg6 14. Be3 O-O 15. g4 $5 {15.Tad1!?, 15.Ted1!?}
Qa5 16. g5 Nd7 17. f4 Nb6 18. Bd3 f6 $6 (18... f5 19. e5 Rfd8 $16) (18... c5
19. Bd2 $18 (19. f5 $6 cxd4 20. Bxd4 Rad8 21. Bf2 Bh5 $1)) 19. f5 exf5 20. exf5
Be8 21. g6 $1 Bb4 22. Nb5 $1 (22. Qh5 $2 Bxg6 {Der weisse Textzug unterbindet
diese Riposte!}) 22... Rd8 {Die Idee von 21... Lb4. Schwarz will mit dem Turm
die 7. Reihe ueberdecken.} 23. Qh5 h6 24. Nc7 $2 {Einfach gewann 24.Lxh6!!
gxh6 25.Dxh6 Td7 26.Tf3 und gegen Th3 ist kein Kraut gewachsen.} Bd2 $1 {
Die Subidee von ... Lb4!.} 25. Bf2 Bd7 26. Qe2 Nd5 27. Nxd5 (27. Ne6 Nf4) 27...
cxd5 28. Rfd1 Bb4 29. Rdc1 Rfe8 30. Qf3 Re7 31. Rc2 Bc6 32. b3 Rde8 33. Kg2 a6
34. Rac1 Bd2 35. Rxc6 $6 {Zu optimistisch gespielt.} bxc6 36. Rxc6 Be1 37. Bg1
Qd2+ 38. Kh1 a5 39. Rc2 Qg5 40. Qxd5+ Kh8 41. Bb5 Rf8 42. Qd6 $2 {Nun wendet
sich das Blatt. Zu versuchen war 43.Tg2.} Bb4 43. Qd5 {Weiss beabsichtigte 43.
Tc5 Lxc5 44.dxc5 mit Rueckgewinn der Qualitaet, doch scheitert diese Idee an
44... Dxf5 und Weiss kann wegen der Mattdrohung auf f3 nicht zugreifen.} Re1
44. Rg2 Qf4 45. Re2 Rd1 46. Qe4 Qc1 47. Qe3 Qb1 48. Bd7 Bc3 $1 49. Rg2 Bxd4 $1
50. Qg3 (50. Qxh6+ gxh6 51. g7+ Kh7 52. gxf8=N+ Kh8 53. Ng6+ Kg7 54. Ne5+ Kf8
55. Ng6+ Kf7 56. Be6+ Ke8 {und Weiss verfuegt ueber kein weiteres Schachgebot.}
) 50... Qe4 1-0

[Event "Rubinstein Memorial-19"]
[Site "Polanica Zdroj"]
[Date "1981.08.??"]
[Round "6"]
[White "Uhlmann, Wolfgang"]
[Black "Bohm, Hans"]
[Result "1-0"]
[WhiteElo "2475"]
[BlackElo "2410"]
[Annotator "ChessBase"]
[PlyCount "90"]
[EventDate "1981.08.??"]
[EventType "tourn"]
[EventRounds "13"]
[EventCountry "POL"]
[EventCategory "8"]
[SourceTitle "MCD"]
[Source "ChessBase"]
[SourceDate "1999.07.01"]
[SourceVersion "1"]
[SourceVersionDate "1999.07.01"]
[SourceQuality "1"]

1. c4 {1) Schach 1981, S.441-443 Turnierbericht [Uhlmann,W]} c6 2. d4 d5 3. Nc3
Nf6 4. Nf3 dxc4 5. a4 Bf5 6. e3 e6 7. Bxc4 Bb4 8. O-O Nbd7 9. Qe2 Bg6 10. e4
Bxc3 11. bxc3 Nxe4 12. Ba3 {[#]} Qc7 13. Qe3 O-O-O 14. Be2 Rhe8 15. Nh4 e5 16.
Nxg6 exd4 17. Ne7+ Rxe7 18. Qxd4 Re5 19. Qxa7 {[#]} Qb6 (19... Nxc3 20. Bf3 Qb6
21. Qxb6 Nxb6 22. Bb2 Rd3 (22... Rc5 23. a5 Nbd5 24. Rfc1 f5 $11) 23. Ra3 Rc5
$15) 20. Qxb6 Nxb6 21. Rfe1 f5 22. Bf1 Ree8 23. a5 Nd5 24. a6 Nexc3 25. a7 Kc7
26. Rxe8 Rxe8 27. Bb2 Ra8 28. Ra3 Ne4 29. Bxg7 b5 30. Bd4 c5 31. Be5+ Kb6 {[#]}
32. Rd3 (32. g4 Rxa7 33. Rxa7 Kxa7 34. gxf5 $14) 32... Nef6 (32... Nb4 $1 $11)
33. Bxf6 Nxf6 34. Rd6+ Ka5 35. Rxf6 Rxa7 36. Rxf5 Kb4 37. g4 c4 38. h4 Rb7 39.
g5 Kb3 40. Rc5 Kb4 41. Rc6 c3 42. Bd3 Kb3 43. f4 b4 44. f5 Kb2 45. g6 b3 1-0

[Event "Biel"]
[Site "Biel"]
[Date "1989.??.??"]
[Round "?"]
[White "Polugaevsky, Lev"]
[Black "Torre, Eugenio"]
[Result "1-0"]
[WhiteElo "2595"]
[BlackElo "2560"]
[Annotator "ChessBase"]
[PlyCount "78"]
[EventDate "1989.07.??"]
[EventType "tourn"]
[EventRounds "14"]
[EventCountry "SUI"]
[EventCategory "14"]
[SourceTitle "CBM 014"]
[Source "ChessBase"]
[SourceDate "1990.02.01"]
[SourceVersion "1"]
[SourceVersionDate "1990.02.01"]
[SourceQuality "1"]

1. d4 d5 2. c4 c6 3. Nf3 Nf6 4. Nc3 dxc4 5. a4 Bf5 6. e3 e6 7. Bxc4 Bb4 8. O-O
O-O 9. Nh4 Bg4 10. f3 Bh5 11. g4 Bg6 12. e4 Nbd7 13. g5 Ne8 14. Nxg6 hxg6 15.
Be3 Nd6 $6 {>= 15...c5!?} 16. Be2 $1 Ba5 17. Kh1 Qe7 18. Rb1 Rfd8 19. b4 Bxb4
20. Rxb4 Nf5 21. exf5 Qxb4 22. Qd2 exf5 23. Rb1 Qa5 24. Rxb7 Rab8 25. Rxb8 Rxb8
26. d5 $1 cxd5 27. Bb5 Nb6 $2 {>= 27...Nf8} 28. Bd4 Nc4 29. Qf4 Rd8 30. h4 $1
Qb4 31. Qc7 Rf8 32. Bxc4 dxc4 (32... Qxc4 33. Qxc4 dxc4 34. Bxa7 Rd8 35. Bc5
Rd3 36. Bb4 $18) 33. Qe5 f6 34. Qe6+ Kh7 35. gxf6 Qb7 36. Nd5 gxf6 37. Kg2 Kh6
38. Nxf6 Rd8 39. Ng8+ Kh5 1-0